| 000 | 00592nam a22002057a 4500 | ||
|---|---|---|---|
| 999 |
_c190465 _d190465 |
||
| 005 | 20220726130229.0 | ||
| 010 | _aENG-133956 | ||
| 020 |
_a9788194352006 _c200.00 |
||
| 035 | _aEN-117488 | ||
| 037 | _bDBAD/PUB | ||
| 082 | _a954.58 | ||
| 100 | _aRajesh Kumar | ||
| 245 |
_aMushrooms of Meghalaya/ _cRajesh Kumar, N.S. Bisht and R.S.C. Jayaraj |
||
| 260 |
_aAssam _bRain Forest Research Institute _c2020 |
||
| 270 |
_bAssam _aJorhat |
||
| 300 |
_a184p. _c20cm(pbk) _bReferences |
||
| 700 | _aBisht, N.S. | ||
| 700 | _aJayaraj, R.S.C. | ||
| 942 |
_2ddc _cEN _h954.58 _mRAJ |
||